000 00369nam a2200157Ia 4500
003 GCL
008 140319s9999 xx 000 0 eng d
040 _aGCL /
_cGCL
082 0 4 _a140
_bE I
100 1 _aEAGLETON, TERRY
245 1 0 _aIDEOLOGY /
_cEAGLETON, TERRY
260 _a[S.N] :
_bLONGMAN ،
_c1994
300 _a317 P
650 0 4 _aIDEOLOGY
942 _2ddc
_cBK
999 _c25111
_d25111